=LDR 00000nam 2200000 4500 =001 INLIS000000000035541 =005 20130612141406 =008 ***********************************ind** =035 ##$$0010-061300000035541 =041 ##$$a ind =082 ##$$a 364.132 3 =090 ##$$a 364.132 3, Ind m =245 ##$$a Menyalakan lilin ditengah kegelapan/Editor, Johan Budi Sp...(et.al) =260 ##$$a 2007 $b [S.l] =300 ##$$a vii,136 hlm., Ilus., 28 cm =650 ##$$a Korupsi ( dalam politik ) =850 ##$$a NBPNMAT